| 000 | 00000nam 2200000zi 4500 |
| 001 | 9.936884 |
| 003 | CaOODSP |
| 005 | 20240416131342 |
| 006 | m o d f |
| 007 | cr cn||||||||| |
| 008 | 240416s2020 pic o f000 0 fre d |
| 040 | |aCaOODSP|bfre|erda|cCaOODSP |
| 043 | |an-cn--- |
| 086 | 1 |aV32-436/2020-1F-PDF |
| 245 | 00|aRésumé de l'évaluation conjointe de la mise en Ĺ“uvre de la Loi sur l'embauche des anciens combattants. |
| 264 | 1|a[Charlottetown, Île-du-Prince-Édouard] : |bAnciens combattants Canada = Veterans Affairs Canada : |bCommission de la fonction publique du Canada = Public Service Commission of Canada, |c[2020] |
| 300 | |a1 ressource en ligne (3 pages non numérotées) |
| 336 | |atexte|btxt|2rdacontent/fre |
| 337 | |ainformatique|bc|2rdamedia/fre |
| 338 | |aressource en ligne|bcr|2rdacarrier/fre |
| 500 | |aTitre de départ. |
| 500 | |aPublié aussi en anglais sous le titre : Summary of the joint evaluation of the implementation of the Veterans Hiring Act. |
| 520 | |a« La Loi sur l'embauche des anciens combattants a modifié la Loi sur l'emploi dans la fonction publique en 2015 pour aider les anciens combattants et les membres admissibles des Forces armées canadiennes à trouver des emplois dans la fonction publique fédérale grâce à 3 dispositions qui ont trait à la priorité, à la préférence et à la mobilité » -- Page [1]. |
| 610 | 16|aCanada. |bAnciens combattants Canada|xÉvaluation. |
| 610 | 16|aCanada. |tLoi sur l'embauche des anciens combattants. |
| 710 | 1 |aCanada. |bAnciens combattants Canada, |eorganisme de publication. |
| 710 | 2 |aCommission de la Fonction publique du Canada, |eorganisme de publication. |
| 775 | 08|tSummary of the joint evaluation of the implementation of the Veterans Hiring Act.|w(CaOODSP)9.936882 |
| 856 | 40|qPDF|s690 Ko|uhttps://publications.gc.ca/collections/collection_2024/acc-vac/V32-436-2020-1-fra.pdf |
| 856 | 4 |qHTML|sS.O.|uhttps://www.canada.ca/fr/commission-fonction-publique/services/publications/resume-evaluation-conjointe-mise-oeuvre-loi-lembauche-anciens-combattants.html |